000 00347nam a2200133Ia 4500
008 220204s9999 xx 000 0 und d
082 _a631/635
_bADV.55
245 0 _aAdvances in agronomy V55
260 _aNew York
_bAcademic press
_c1995
650 _aDNA markers
650 _aSoil synchrotron x-ray
700 _aSparks, Donald L
942 _cBK
999 _c40871
_d40871